000 00377nam a22001697a 4500
005 20260413124221.0
008 160613b xxu||||| |||| 00| 0 eng d
020 _a978-0007-299515
041 _aeng
082 _a822.912
100 _aChristie, Agatha
_9481
245 _aBlack Coffee
260 _bHARPE R
300 _a224
650 _aEnglish drama
_98926
942 _cBK
999 _c2496
_d2495